Middle East journey /

محفوظ في:

المؤلف الرئيسي: Goold-Adams, Richard (مؤلف)

التنسيق: كتاب

اللغة: English

منشور في: London : J. Murray, [1947].

الطبعة: [1st ed.]

الموضوعات:

الوسوم: إضافة وسم

لا توجد وسوم, كن أول من يضع وسما على هذه التسجيلة!

رقم الطلب: DS49.3 .G6 1947

LEADER 00653nam a2200241u 4500
001 658
003 OSt
005 20260310074550.0
008 130303s1947 enkab 000 0 eng d
010 |a 48002421 
035 |a rdb04550464 
040 |c ARCE Library 
043 |a aw----- 
050 4 |a DS49.3 .G6 1947 
100 1 |a Goold-Adams, Richard,  |e author  |9 30932 
245 1 0 |a Middle East journey /   |c Richard Goold-Adams. 
250 |a [1st ed.] 
264 1 |a London :   |b J. Murray,   |c [1947]. 
300 |a vii, 194 pages :  |b Illustrations, map ;  |c 22 cm. 
651 0 |a Orient  |x Description and travel. 
901 |a reviewed 
942 |c BK  |2 lcc 
999 |c 2840  |d 2840